[Event "European Blitz 2022"]
[Site "Katowice POL"]
[Date "2022.12.16"]
[Round "14.13"]
[White "Tregubov, Pavel V."]
[Black "Sargsyan, Shant"]
[Result "0-1"]
[WhiteTitle "GM"]
[BlackTitle "GM"]
[WhiteElo "2553"]
[BlackElo "2645"]
[WhiteFideId "4115341"]
[BlackFideId "13306766"]
[EventDate "2022.12.16"]

1. e4 e5 2. Nf3 Nc6 3. Bb5 a6 4. Ba4 Nf6 5. d4 exd4 6. O-O Be7 7. e5 Ne4 8. Nxd4
Nc5 9. Nf5 O-O 10. Qg4 g6 11. Bxc6 dxc6 12. Nxe7+ Qxe7 13. Qg3 Re8 14. Re1 Bf5
15. Nc3 Ne6 16. Nd1 Nd4 17. Bg5 Qe6 18. Ne3 Qxe5 19. Qh4 Qe4 20. Qh6 Ne6 21. f3
Qd4 22. c3 Qg7 23. Nxf5 gxf5 24. Be3 Qxh6 25. Bxh6 f6 26. Rad1 Kf7 27. Rd7+ Re7
28. Rd2 Rae8 29. Kf2 f4 30. g3 fxg3+ 31. hxg3 Kg6 32. Be3 Ng5 33. Rde2 h5 34.
Bd2 Rxe2+ 35. Rxe2 Rxe2+ 36. Kxe2 Kf5 37. Kf2 c5 38. c4 b5 39. b3 Ne6 40. Ke3
Nd4 41. Bc3 Nc6 42. Bd2 bxc4 43. bxc4 Ne5 44. Bc3 Nxc4+ 45. Kd3 Ne5+ 46. Ke3 Ke6
47. Ke4 Nc4 48. g4 hxg4 49. fxg4 Nd6+ 50. Kf4 Nb5 51. Bb2 c4 52. Ke4 c3 53. Bc1
c2 54. Kd3 Nd6 55. Kxc2 Nc4 56. Kc3 Ne5 57. g5 f5 58. Bf4 c5 59. a4 Ng6 60. Bb8
f4 61. Kc4 Ne5+ 62. Kc3 Kf5 63. Kd2 Ng6 64. Ba7 c4 65. Kc3 Ne5 66. Bd4 Nf3 67.
Bc5 Nxg5 68. Kxc4 Ke4 69. Kb4 Ne6 70. Bf2 Kd5 71. Ka5 Nc5 72. Kb6 Nxa4+ 73. Kxa6
Nc3 74. Ka5 Kc4 75. Ba7 f3 76. Bf2 Kd3 77. Kb4 Ne4 78. Bh4 Nd6 79. Kc5 Nf5 80.
Bf2 Ne3 81. Kd6 Ke2 82. Bg1 Ng4 83. Kd5 Ne3+ 84. Ke4 Nc2 85. Ba7 Ne1 86. Kf4
Nd3+ 87. Kg3 Ne5 88. Bb6 Nc4 89. Ba7 Ne3 90. Kf4 Kd3 0-1

[Event "European Blitz 2022"]
[Site "Katowice POL"]
[Date "2022.12.16"]
[Round "14.14"]
[White "Licznerski, Lukasz"]
[Black "Ziska, Helgi Dam"]
[Result "0-1"]
[WhiteTitle "IM"]
[BlackTitle "GM"]
[WhiteElo "2441"]
[BlackElo "2546"]
[WhiteFideId "1179250"]
[BlackFideId "7200595"]
[EventDate "2022.12.16"]

1. e4 c5 2. Nf3 d6 3. d4 cxd4 4. Nxd4 Nf6 5. Nc3 a6 6. Be2 e5 7. Nf3 Qc7 8. O-O
h6 9. Nd2 Be6 10. a4 Be7 11. Re1 O-O 12. Nf1 Nc6 13. Ng3 Nb4 14. Bf3 Rfd8 15.
Re2 Rac8 16. h3 d5 17. exd5 Nfxd5 18. Nxd5 Bxd5 19. Bxd5 Rxd5 20. Rd2 Rxd2 21.
Bxd2 Qxc2 22. Bc3 Bc5 23. Qf3 Nd3 24. Ne4 Bd4 25. Bxd4 exd4 26. Nd6 Rf8 27. Rf1
Nxb2 28. Qxb7 d3 29. Nf5 d2 30. Ne3 Qc1 31. Qxa6 Rd8 32. a5 d1=Q 33. Nxd1 Rxd1
34. Rxd1 Nxd1 35. Qa8+ Kh7 36. Qe4+ g6 37. Qf3 Ne3+ 38. Kh2 Nf1+ 0-1

[Event "European Blitz 2022"]
[Site "Katowice POL"]
[Date "2022.12.16"]
[Round "14.15"]
[White "Oleksiyenko, Mykhaylo"]
[Black "Krzyzanowski, Marcin"]
[Result "1-0"]
[WhiteTitle "GM"]
[BlackTitle "GM"]
[WhiteElo "2594"]
[BlackElo "2538"]
[WhiteFideId "4152417"]
[BlackFideId "1132199"]
[EventDate "2022.12.16"]

1. e4 c5 2. Nf3 Nc6 3. d4 cxd4 4. Nxd4 e5 5. Nb5 d6 6. c4 a6 7. N5c3 Be6 8. Be2
g6 9. O-O Bg7 10. Be3 Nf6 11. f3 O-O 12. Na3 Nh5 13. Qd2 Rc8 14. Rfd1 Nd4 15.
Bf1 f5 16. exf5 Bxf5 17. Bxd4 exd4 18. Nd5 Be6 19. Nc2 Bxd5 20. cxd5 Qb6 21. Ne1
Nf4 22. Nd3 Nxd5 23. Rdc1 Ne3 24. Rxc8 Rxc8 25. Rc1 Rc6 26. Be2 Qc7 27. f4 Rxc1+
28. Qxc1 Qxc1+ 29. Nxc1 Kf7 30. Nd3 Ke6 31. Bf3 b6 32. Kf2 a5 33. Ke2 d5 34. g3
Kd6 35. h4 b5 36. h5 b4 37. hxg6 hxg6 38. g4 Bf6 39. g5 Bg7 40. Kd2 Ke6 41. Bd1
Bf8 42. Ba4 Bd6 43. Ke2 Nc4 44. Kf3 Nd2+ 45. Kg4 Nc4 46. Be8 Ne3+ 47. Kf3 Nf5
48. Bxg6 Nh4+ 49. Kg4 Nxg6 50. f5+ Kf7 51. fxg6+ Kxg6 52. b3 Bc7 53. Ne1 Bd8 54.
Nf3 Bb6 55. Ne5+ Kg7 56. Kf5 Bd8 57. Nd3 Kf7 58. Nc5 Be7 59. g6+ Kg8 60. Nd3 Kg7
61. Nf4 Bf6 62. Ne6+ Kg8 63. Kxf6 d3 1-0

[Event "European Blitz 2022"]
[Site "Katowice POL"]
[Date "2022.12.16"]
[Round "14.16"]
[White "Livaic, Leon"]
[Black "Kjartansson, Gudmundur"]
[Result "1-0"]
[WhiteTitle "GM"]
[BlackTitle "GM"]
[WhiteElo "2572"]
[BlackElo "2453"]
[WhiteFideId "14531534"]
[BlackFideId "2301318"]
[EventDate "2022.12.16"]

1. e4 c5 2. Nf3 d6 3. d4 cxd4 4. Qxd4 Nf6 5. Nc3 Nc6 6. Bb5 Bd7 7. Bxc6 Bxc6 8.
Bg5 e6 9. O-O-O Be7 10. Rhe1 Qc7 11. Bxf6 gxf6 12. Nd5 exd5 13. exd5 Bb5 14.
Qxf6 Rf8 15. Nd4 Kd8 16. Qg7 Rc8 17. Rd2 Qa5 18. Nxb5 Qxb5 19. Rde2 Re8 20. Kb1
Rc7 21. Qxf7 a5 22. Qxh7 a4 23. a3 Qxd5 24. f4 b5 25. g4 b4 26. axb4 Rb7 27. Qe4
Qxe4 28. Rxe4 Rh8 29. R1e2 Rh4 30. f5 Bf6 31. c3 Be5 32. g5 Rxe4 33. Rxe4 Rh7
34. h4 Kd7 35. Ka2 Kc6 36. c4 Rb7 37. Ka3 Rb8 38. f6 Kd7 39. Kxa4 Ke6 40. b5 Kf5
41. Re2 Ra8+ 42. Kb4 Rh8 43. f7 Ke6 44. Rf2 Bg7 45. h5 Bf8 46. h6 d5+ 47. c5 Rh7
48. b6 Rxf7 49. Rxf7 1-0

[Event "European Blitz 2022"]
[Site "Katowice POL"]
[Date "2022.12.16"]
[Round "14.17"]
[White "Petrovskyi, Vadym"]
[Black "Dvirnyy, Danyyil"]
[Result "1-0"]
[WhiteTitle "FM"]
[BlackTitle "GM"]
[WhiteElo "2402"]
[BlackElo "2530"]
[WhiteFideId "14165210"]
[BlackFideId "817570"]
[EventDate "2022.12.16"]

1. e4 c6 2. d4 d5 3. Nc3 dxe4 4. Nxe4 Nd7 5. Nf3 Ngf6 6. Nxf6+ Nxf6 7. c3 Bg4 8.
h3 Bxf3 9. Qxf3 e6 10. Bd3 Qd5 11. Qg3 g6 12. O-O Bg7 13. Re1 O-O 14. Bg5 a5 15.
Qh4 Nd7 16. a3 Rfe8 17. Rad1 a4 18. Qg3 Nb6 19. h4 Nc4 20. Bc1 Nd6 21. h5 Rad8
22. hxg6 hxg6 23. Bf4 Nf5 24. Qh3 c5 25. Bb5 cxd4 26. Bxe8 Rxe8 27. cxd4 Nxd4
28. Bh6 Bf6 29. Be3 Rd8 30. Qg4 Kg7 31. Bf4 e5 32. Bg5 Bxg5 33. Qxg5 Re8 34. Qe3
Re6 35. Rc1 b5 36. Rc7 Qd6 37. Rc8 Qd5 38. Qh3 Kf6 39. Qh4+ g5 40. Qh6+ Kf5 41.
Qh7+ Rg6 42. Rc7 Kf6 43. Qh8+ Kf5 44. Rxf7+ Ke6 45. Qe8+ 1-0

[Event "European Blitz 2022"]
[Site "Katowice POL"]
[Date "2022.12.16"]
[Round "14.18"]
[White "Kyc, Jerzy"]
[Black "Bartel, Mateusz"]
[Result "1/2-1/2"]
[BlackTitle "GM"]
[WhiteElo "2230"]
[BlackElo "2627"]
[WhiteFideId "1163922"]
[BlackFideId "1112635"]
[EventDate "2022.12.16"]

1. e4 e5 2. Nf3 Nc6 3. Bb5 a6 4. Ba4 Nf6 5. d3 d6 6. c3 Be7 7. O-O O-O 8. h3 Nd7
9. d4 Bf6 10. Be3 Nb6 11. Bb3 Re8 12. dxe5 dxe5 13. Qe2 Qe7 14. Nbd2 Be6 15.
Bxb6 cxb6 16. Bxe6 Qxe6 17. Nc4 b5 18. Ne3 Ne7 19. a4 bxa4 20. Rxa4 Rad8 21. c4
Qc6 22. Qc2 Ng6 23. Nd5 Be7 24. Ra2 Bf8 25. g3 Rc8 26. b3 Qe6 27. Kg2 Ne7 28.
Rd1 Nc6 29. Qe2 Bc5 30. Rb2 a5 31. Rbd2 h6 32. Rd3 Nd4 33. Nxd4 exd4 34. Re1 Qa6
35. Red1 b5 36. cxb5 Qxb5 37. Qg4 Qa6 38. Qf3 Qe6 39. Re1 Red8 40. Re2 Rb8 41.
Nf4 Qa6 42. e5 Qa8 43. e6 Qxf3+ 44. Kxf3 Re8 45. Rc2 Rb5 46. exf7+ Kxf7 47. Nd5
Reb8 48. Ke4 R8b7 49. Rf3+ Ke6 50. Rd3 Kd6 51. Nf4 Rxb3 52. Ra2 Rxd3 53. Nxd3
Bb6 54. Rb2 Re7+ 55. Kf3 Kc6 56. Rc2+ Kb5 57. Rb2+ Ka6 58. Kg4 g6 59. h4 a4 60.
h5 gxh5+ 61. Kxh5 Re6 62. Kg4 Rd6 63. Kf5 Ba5 64. Nc5+ Ka7 65. Rb7+ Ka8 66. Rb5
Be1 67. Nxa4 d3 68. Nb6+ Kb7 69. Nc4+ Kc6 70. Nxd6 d2 71. Rb1 Kxd6 72. f3 Bxg3
73. Ke4 Ke6 74. Rh1 Be1 75. Rxh6+ Ke7 76. Rh7+ Kd8 77. Rh8+ Kc7 78. Rh7+ Kc6 79.
Rh6+ Kc7 80. Rh7+ Kc6 81. Rh6+ Kc7 82. Rh7+ Kc6 1/2-1/2

[Event "European Blitz 2022"]
[Site "Katowice POL"]
[Date "2022.12.16"]
[Round "14.19"]
[White "Subelj, Jan"]
[Black "Laurusas, Tomas"]
[Result "0-1"]
[WhiteTitle "IM"]
[BlackTitle "GM"]
[WhiteElo "2492"]
[BlackElo "2567"]
[WhiteFideId "14618583"]
[BlackFideId "12803731"]
[EventDate "2022.12.16"]

1. e4 c5 2. Nf3 e6 3. c3 d5 4. e5 d4 5. Bd3 Ne7 6. O-O Nbc6 7. Be4 h6 8. d3 g5
9. Nbd2 g4 10. Nh4 h5 11. Nc4 Nd5 12. g3 dxc3 13. bxc3 b5 14. Nd6+ Bxd6 15. exd6
Qxd6 16. Qb3 b4 17. cxb4 cxb4 18. Bb2 Rg8 19. Rfe1 Nce7 20. Rac1 Bd7 21. Bh7 Rg5
22. a3 a5 23. axb4 axb4 24. Ra1 Rc8 25. Rec1 f6 26. Rxc8+ Bxc8 27. Be4 Kf7 28.
Ra7 Bd7 29. Ng2 Rg8 30. Ne3 Nxe3 31. fxe3 Rc8 32. Ra1 Kg7 33. Rf1 e5 34. d4 Be6
35. Qd3 Bc4 36. Qb1 Bxf1 37. dxe5 fxe5 38. Qxf1 Rc3 39. Qe1 Qc5 40. Kf2 Nd5 41.
Bxd5 Rc2+ 42. Kg1 Qxd5 43. Qb1 Qg2# 0-1

[Event "European Blitz 2022"]
[Site "Katowice POL"]
[Date "2022.12.16"]
[Round "14.20"]
[White "Thorfinnsson, Bjorn"]
[Black "Keinanen, Toivo"]
[Result "0-1"]
[WhiteTitle "IM"]
[BlackTitle "IM"]
[WhiteElo "2374"]
[BlackElo "2508"]
[WhiteFideId "2300982"]
[BlackFideId "509825"]
[EventDate "2022.12.16"]

1. d4 d5 2. Nf3 Nf6 3. Bg5 Ne4 4. e3 Nxg5 5. Nxg5 e5 6. Nf3 e4 7. Nfd2 c6 8. c4
Be6 9. Nc3 a6 10. a4 Bb4 11. Qb3 a5 12. cxd5 cxd5 13. Bb5+ Nc6 14. O-O O-O 15.
Rac1 Rc8 16. Ndb1 f5 17. Ne2 Bd6 18. g3 g5 19. Nbc3 Nb4 20. f3 exf3 21. Rxf3 Qe7
22. Nd1 Rxc1 23. Nxc1 f4 24. exf4 gxf4 25. gxf4 Bxf4 26. Ne2 Qg5+ 27. Kh1 Bg4
28. Rxf4 Rxf4 29. Nxf4 Qxf4 30. Qe3 Qf3+ 0-1

[Event "European Blitz 2022"]
[Site "Katowice POL"]
[Date "2022.12.16"]
[Round "14.21"]
[White "Pultinevicius, Paulius"]
[Black "Seemann, Jakub"]
[Result "1-0"]
[WhiteTitle "GM"]
[BlackTitle "FM"]
[WhiteElo "2561"]
[BlackElo "2365"]
[WhiteFideId "12809390"]
[BlackFideId "21874697"]
[EventDate "2022.12.16"]

1. d4 Nf6 2. Bf4 e6 3. e3 d5 4. Nd2 c5 5. c3 Nc6 6. Bd3 Bd6 7. Bxd6 Qxd6 8. f4
Bd7 9. Nh3 O-O 10. O-O a6 11. g4 cxd4 12. exd4 Ne7 13. Qf3 Bb5 14. Bxb5 axb5 15.
a3 Nd7 16. Rae1 Nb6 17. Re2 Nc4 18. Nb3 b6 19. Nc1 Qc7 20. Nd3 Nc8 21. f5 N8d6
22. Ndf4 Ne4 23. Qg2 Qd6 24. Nd3 Rae8 25. Nhf2 Nxf2 26. Qxf2 exf5 27. Rxe8 Rxe8
28. Qxf5 Qe6 29. Nf4 Qe3+ 30. Kh1 Qe4+ 31. Qxe4 dxe4 32. Rf2 Ne3 33. h3 g5 34.
Nh5 Nd5 35. Kg2 e3 36. Re2 Re6 37. Kf3 f6 38. Ng3 Kf7 39. Nf5 Nf4 40. Rxe3 Rxe3+
41. Nxe3 Nxh3 42. Nd5 h5 43. gxh5 f5 44. Nxb6 g4+ 45. Kg3 Kf6 46. d5 Kg5 47. d6
f4+ 48. Kg2 f3+ 49. Kg3 Nf4 50. d7 Ne6 51. c4 bxc4 52. a4 Kxh5 53. a5 Kg5 54. a6
Nc5 1-0

[Event "European Blitz 2022"]
[Site "Katowice POL"]
[Date "2022.12.16"]
[Round "14.22"]
[White "Cherniaiev, Tykhon"]
[Black "Svane, Rasmus"]
[Result "0-1"]
[WhiteTitle "FM"]
[BlackTitle "GM"]
[WhiteElo "2330"]
[BlackElo "2622"]
[WhiteFideId "14182360"]
[BlackFideId "4657101"]
[EventDate "2022.12.16"]

1. Nf3 d5 2. d4 Nf6 3. c4 e6 4. g3 Bb4+ 5. Bd2 a5 6. Qc2 O-O 7. a3 Be7 8. Bg2 c6
9. O-O Nbd7 10. b3 b5 11. c5 Ne4 12. Nc3 f5 13. b4 Bf6 14. e3 e5 15. dxe5 Nxe5
16. Nd4 Bd7 17. Nxe4 fxe4 18. bxa5 Qe8 19. a4 b4 20. Bxb4 Qh5 21. f3 exf3 22.
Nxf3 Bf5 23. Qa2 Nd3 24. Rab1 Rfe8 25. Bd2 Nxc5 26. Rbc1 Ne4 27. Rxc6 Kh8 28.
Bb4 Bd7 29. Rc7 Bg4 30. Nd4 Qh6 31. Qb3 Rab8 32. Nc6 Nd2 33. Qxd5 Nxf1 34. Bxf1
Qxe3+ 35. Kg2 Rbc8 36. Rxc8 Rxc8 37. a6 Be6 38. Qf3 Qxf3+ 39. Kxf3 Bd5+ 40. Kf4
Bxc6 41. Bb5 Ba8 42. Bd6 h6 43. Kf5 Bd5 44. a5 Ra8 45. Bc5 Kg8 46. Bb6 Kf7 47.
a7 g6+ 48. Kf4 Ke6 49. Bd3 Be5+ 50. Ke3 Kf6 51. Bc2 h5 52. Bd3 g5 53. Be2 h4 54.
gxh4 gxh4 55. h3 Re8 56. Kd3 Rc8 57. Bg4 Rc3+ 58. Kd2 Ra3 59. Kc2 Be4+ 60. Kd2
Bf4+ 61. Ke2 Ra2+ 62. Ke1 Bg3+ 63. Kd1 Bf4 64. Bd4+ Ke7 65. Bc5+ Kf7 66. Bb6 Kf6
67. Bd4+ Be5 68. Bb6 Bc3 69. Kc1 Bxa5 70. Bd4+ Kf7 71. Bd1 Bd2# 0-1

[Event "European Blitz 2022"]
[Site "Katowice POL"]
[Date "2022.12.16"]
[Round "14.23"]
[White "Grandelius, Nils"]
[Black "Jarmula, Lukasz"]
[Result "1-0"]
[WhiteTitle "GM"]
[BlackTitle "GM"]
[WhiteElo "2660"]
[BlackElo "2469"]
[WhiteFideId "1710400"]
[BlackFideId "1160664"]
[EventDate "2022.12.16"]

1. c4 b6 2. Nc3 Bb7 3. e4 c5 4. Nf3 e6 5. d4 cxd4 6. Nxd4 Nc6 7. Be3 Nf6 8. Bd3
Ne5 9. O-O Be7 10. b3 Nxd3 11. Qxd3 d6 12. Rad1 a6 13. f3 O-O 14. Rfe1 Qc7 15.
Bf2 Rfd8 16. Rc1 Rac8 17. Qd2 Qb8 18. Nde2 Bc6 19. a4 Be8 20. Nd4 Nd7 21. Red1
Ne5 22. Qe1 h5 23. Bh4 Qa7 24. Bxe7 Qxe7 25. Qe3 h4 26. h3 Ng6 27. Nde2 Rb8 28.
Kh1 b5 29. cxb5 axb5 30. axb5 Bxb5 31. Nd4 Be8 32. f4 Qf6 33. Rf1 Rb4 34. Rcd1
Nf8 35. f5 Qe5 36. fxe6 Nxe6 37. Nf5 Rxb3 38. Ne7+ Kf8 39. Ng6+ 1-0

[Event "European Blitz 2022"]
[Site "Katowice POL"]
[Date "2022.12.16"]
[Round "14.24"]
[White "Vogel, Roven"]
[Black "Dobrovoljc, Vid"]
[Result "1/2-1/2"]
[WhiteTitle "IM"]
[BlackTitle "FM"]
[WhiteElo "2463"]
[BlackElo "2384"]
[WhiteFideId "12908088"]
[BlackFideId "14609843"]
[EventDate "2022.12.16"]

1. c4 Nf6 2. Nc3 e6 3. Nf3 d5 4. d4 dxc4 5. e4 b5 6. e5 Nd5 7. Nxb5 Nb6 8. Be2
Nc6 9. O-O Be7 10. Qd2 O-O 11. Qf4 Rb8 12. Qg3 Kh8 13. Nc3 Nxd4 14. Nxd4 Qxd4
15. Rd1 Qh4 16. Qxh4 Bxh4 17. Rd4 Be7 18. Bxc4 c5 19. Rf4 g5 20. Rg4 Nxc4 21.
Rxc4 Rd8 22. b3 Rd3 23. Be3 Bb7 24. h3 Bd5 25. Nxd5 Rxd5 26. f4 gxf4 27. Bxf4
Rb4 28. Rac1 a5 29. Kf2 Kg7 30. Ke2 Kg6 31. g4 h6 32. R1c2 Bg5 33. Bg3 Be7 34.
Rxb4 axb4 35. Rd2 f6 36. exf6 Bxf6 37. Rc2 Bc3 38. Ke3 Bd4+ 39. Ke4 Rd7 40. Be5
Kf7 41. h4 Bxe5 42. Kxe5 Rd5+ 43. Ke4 Kg6 44. Re2 Rd4+ 45. Kf3 Kf6 46. Re4 Rd2
47. Re2 Rd4 48. Rc2 Rd5 49. Ke3 Ke5 50. Rf2 Rd4 51. Rg2 Re4+ 52. Kd3 Rd4+ 53.
Ke3 Re4+ 54. Kf3 Rf4+ 55. Ke3 Re4+ 1/2-1/2

[Event "European Blitz 2022"]
[Site "Katowice POL"]
[Date "2022.12.16"]
[Round "14.25"]
[White "Kosakowski, Jakub"]
[Black "Barski, Radoslaw"]
[Result "1-0"]
[WhiteTitle "IM"]
[BlackTitle "IM"]
[WhiteElo "2475"]
[BlackElo "2441"]
[WhiteFideId "1185080"]
[BlackFideId "1131710"]
[EventDate "2022.12.16"]

1. e4 e5 2. Nf3 Nc6 3. d4 exd4 4. Nxd4 Bc5 5. Nb3 Bb6 6. Nc3 d6 7. Qe2 Nge7 8.
Be3 O-O 9. O-O-O f5 10. g3 fxe4 11. Nxe4 Nf5 12. Bxb6 axb6 13. Kb1 Kh8 14. Bg2
Bd7 15. Rhe1 Ne5 16. f4 Ng6 17. Ng5 h6 18. Ne6 Bxe6 19. Qxe6 Rf6 20. Qe2 c6 21.
Qd3 b5 22. Be4 Nfe7 23. h4 d5 24. h5 Nf8 25. Bg2 Nc8 26. Nd4 Qb6 27. Re8 Qa5 28.
a3 Nd6 29. Rxa8 Qxa8 30. Re1 Nd7 31. Bh3 Nc5 32. Qd1 Nce4 33. g4 Rxf4 34. Ne6
Rf2 35. Qd4 Qg8 36. g5 Rh2 1-0

[Event "European Blitz 2022"]
[Site "Katowice POL"]
[Date "2022.12.16"]
[Round "14.26"]
[White "Kosteniuk, Alexandra"]
[Black "Walter, Szymon"]
[Result "1-0"]
[WhiteTitle "GM"]
[BlackTitle "FM"]
[WhiteElo "2520"]
[BlackElo "2327"]
[WhiteFideId "4128125"]
[BlackFideId "1172590"]
[EventDate "2022.12.16"]

1. e4 c5 2. c3 Nf6 3. e5 Nd5 4. Nf3 Nc6 5. Bc4 Nb6 6. Bb3 e6 7. O-O d6 8. exd6
Bxd6 9. d4 cxd4 10. cxd4 O-O 11. Nc3 Bd7 12. Re1 Rc8 13. Bc2 g6 14. Bh6 Re8 15.
Ng5 Be7 16. h4 Nb4 17. Be4 Bc6 18. Qf3 Bxg5 19. Bxg5 Qd7 20. Bxc6 Qxc6 21. Ne4
N4d5 22. Rac1 Qd7 23. Nc5 Qb5 24. b3 a5 25. Nxb7 Rxc1 26. Rxc1 Qb4 27. Qd3 a4
28. Nc5 axb3 29. axb3 Rc8 30. Ra1 Qc3 31. Qxc3 Nxc3 32. Kf1 Ncd5 33. Ne4 Kg7 34.
Ra2 h6 35. Bd2 f5 36. Nc5 e5 37. Ke2 exd4 38. Ne6+ Kf6 39. Nxd4 Re8+ 40. Kd3 Nd7
41. Ra6+ Ke7 42. Re6+ Kf7 43. Rxe8 Kxe8 44. Nf3 h5 45. b4 Kf7 46. Kd4 Nc7 47.
Ne5+ Ke6 48. Nxg6 Nb5+ 49. Kd3 Nd6 50. Nf4+ Kf7 51. Nxh5 Ne5+ 52. Ke2 Ne4 53.
Ng3 Nf6 54. Nxf5 Ke6 55. Nd4+ Kd5 56. Nf3 Nc4 57. Bc3 Ne4 58. Bg7 Ned6 59. g4
Na3 60. h5 Nc2 61. h6 1-0

[Event "European Blitz 2022"]
[Site "Katowice POL"]
[Date "2022.12.16"]
[Round "14.27"]
[White "Sebenik, Matej"]
[Black "Vega Gutierrez, Sabrina"]
[Result "1-0"]
[WhiteTitle "GM"]
[BlackTitle "IM"]
[WhiteElo "2538"]
[BlackElo "2361"]
[WhiteFideId "14602296"]
[BlackFideId "2219026"]
[EventDate "2022.12.16"]

1. c4 e5 2. g3 d6 3. Nc3 f5 4. d4 Be7 5. dxe5 dxe5 6. Qxd8+ Bxd8 7. Bh3 Nc6 8.
Nf3 Nf6 9. Bg5 Be6 10. O-O-O Kf7 11. b4 h6 12. b5 hxg5 13. Nxg5+ Kg6 14. Nxe6
Rxh3 15. bxc6 Be7 16. Nxc7 Rb8 17. cxb7 Rxb7 18. N3d5 Ba3+ 19. Kc2 Rb2+ 20. Kc3
Rxe2 21. Kb3 Bc5 22. f4 e4 23. Ne6 Bf2 24. Ng5 Rh8 25. Ne7+ Kh5 26. Rc1 Rb8+ 27.
Kc3 Be3 28. Rc2 Bd4+ 29. Kxd4 Rxc2 30. Nxf5 Rd8+ 31. Ke5 Ng4+ 32. Ke6 e3 33. Nf7
Re8+ 34. Kd7 Rf8 35. Ke7 Rxf7+ 36. Kxf7 e2 37. Re1 Nxh2 38. Nd4 Rxc4 39. Nxe2
Re4 40. Kxg7 Kg4 41. Kg6 Nf3 42. Rb1 Re6+ 43. Kf7 Rxe2 44. a4 Ra2 45. Rb4 Kxg3
46. f5 Ne5+ 47. Ke6 Nc6 48. Rc4 Na5 49. Rd4 Nb3 50. Rc4 Nd2 51. Rb4 Nf3 52. f6
Ng5+ 53. Kf5 Nf7 54. Rd4 Rf2+ 55. Kg6 Ne5+ 56. Kg7 Rf5 57. Rd5 Kf4 58. Ra5 Rg5+
59. Kh7 Kf5 60. f7 Rh5+ 61. Kg7 Rg5+ 62. Kf8 Ke6 63. Ra6+ Kf5 64. Rxa7 Rh5 65.
Ke8 Ng6 66. Ra5+ 1-0

[Event "European Blitz 2022"]
[Site "Katowice POL"]
[Date "2022.12.16"]
[Round "14.28"]
[White "Drazic, Sinisa"]
[Black "Stefansson, Hannes"]
[Result "0-1"]
[WhiteTitle "GM"]
[BlackTitle "GM"]
[WhiteElo "2372"]
[BlackElo "2526"]
[WhiteFideId "901172"]
[BlackFideId "2300087"]
[EventDate "2022.12.16"]

1. d4 Nf6 2. Bg5 d5 3. Nd2 c5 4. e3 Nc6 5. c3 Qb6 6. Qc2 e6 7. Ngf3 Be7 8. Bd3
h6 9. Bh4 Bd7 10. O-O Rc8 11. a3 c4 12. Be2 g5 13. Bg3 Nh5 14. Be5 Nxe5 15. Nxe5
Nf6 16. e4 Bc6 17. Nxc6 bxc6 18. f4 c5 19. dxc5 Qxc5+ 20. Kh1 gxf4 21. exd5 Nxd5
22. Nxc4 Kf8 23. Qe4 Qc7 24. Rad1 Rd8 25. Bf3 Bf6 26. Qe2 Ne7 27. Rxd8+ Qxd8 28.
Rd1 Qc7 29. Nd6 Kg7 30. Ne4 Be5 31. Qb5 Rb8 32. Qe2 Nd5 33. h3 Ne3 34. Rd3 a5
35. Qd2 Nc4 36. Qf2 Rxb2 37. Qh4 Ne3 38. Kh2 Rb1 39. Nd2 Rc1 40. Qh5 Bf6 41. Be2
f3+ 0-1

[Event "European Blitz 2022"]
[Site "Katowice POL"]
[Date "2022.12.16"]
[Round "14.29"]
[White "Szpar, Milosz"]
[Black "Martinez Pla, Xavier"]
[Result "1-0"]
[WhiteTitle "IM"]
[BlackTitle "FM"]
[WhiteElo "2428"]
[BlackElo "2277"]
[WhiteFideId "1184989"]
[BlackFideId "32074271"]
[EventDate "2022.12.16"]

1. e4 c5 2. Nf3 e6 3. c3 Nf6 4. e5 Nd5 5. d4 cxd4 6. cxd4 d6 7. Bc4 Be7 8. O-O
O-O 9. Qe2 b6 10. Bd2 Bb7 11. Nc3 Nxc3 12. Bxc3 Nd7 13. Rfd1 Qc7 14. d5 Rac8 15.
exd6 Bxd6 16. dxe6 Bxf3 17. Qxf3 Bxh2+ 18. Kh1 Ne5 19. exf7+ Kh8 20. Bxe5 Bxe5
21. Be6 Rcd8 22. Rxd8 Qxd8 23. Rd1 Qh4+ 24. Kg1 Qe7 25. Qa3 Qxa3 26. bxa3 g6 27.
Rd7 a5 28. g3 Kg7 29. a4 Kf6 30. Bb3 h5 31. f4 Bc3 32. Kg2 g5 33. Rd6+ Ke7 34.
Re6+ Kd7 35. fxg5 Bd4 36. g6 Rc8 37. Re4 1-0

[Event "European Blitz 2022"]
[Site "Katowice POL"]
[Date "2022.12.16"]
[Round "14.30"]
[White "Orzech, Dominik"]
[Black "Samunenkov, Ihor"]
[Result "1-0"]
[WhiteTitle "IM"]
[BlackTitle "IM"]
[WhiteElo "2313"]
[BlackElo "2488"]
[WhiteFideId "1115065"]
[BlackFideId "14187086"]
[EventDate "2022.12.16"]

1. Nf3 Nf6 2. c4 e6 3. Nc3 d5 4. d4 a6 5. cxd5 exd5 6. Bg5 Be6 7. Qc2 Nbd7 8. e3
Bd6 9. Bd3 c6 10. O-O Qc7 11. Rab1 Bg4 12. b4 Bxf3 13. gxf3 Bxh2+ 14. Kg2 Bd6
15. a4 h6 16. Bh4 Nh5 17. f4 g5 18. Qe2 Ndf6 19. fxg5 hxg5 20. Bxg5 O-O-O 21.
Rg1 Bh2 22. Bxf6 Rdg8+ 23. Kh1 Nxf6 24. Rxg8+ Nxg8 25. Qg4+ Kb8 26. Kg2 Nf6 27.
Qf5 Rg8+ 28. Kf3 Qe7 29. b5 cxb5 30. axb5 a5 31. b6 Bd6 32. Nxd5 Nxd5 33. Qxd5
Qd7 34. Bf5 Qc6 35. Be4 Qxd5 36. Bxd5 a4 37. Ke4 Re8+ 38. Kf5 a3 39. Bxf7 Rh8
40. e4 Rh2 41. f3 Rf2 42. Ke6 Bf8 43. Bh5 a2 44. Ra1 Bb4 45. Rg1 Rg2 46. Rxg2
Bf8 47. Rg8 1-0

[Event "European Blitz 2022"]
[Site "Katowice POL"]
[Date "2022.12.16"]
[Round "14.31"]
[White "Nasuta, Grzegorz"]
[Black "Gvetadze, Sofio"]
[Result "1-0"]
[WhiteTitle "GM"]
[BlackTitle "IM"]
[WhiteElo "2546"]
[BlackElo "2298"]
[WhiteFideId "1141686"]
[BlackFideId "13601440"]
[EventDate "2022.12.16"]

1. e4 c5 2. Nf3 g6 3. d4 cxd4 4. Nxd4 Bg7 5. c4 Nc6 6. Be3 Nf6 7. Nc3 O-O 8. f3
d6 9. Qd2 Bd7 10. Be2 Nxd4 11. Bxd4 a5 12. h4 Nh5 13. Bxg7 Kxg7 14. O-O-O Ng3
15. Rh2 Nxe2+ 16. Qxe2 h5 17. g4 Rh8 18. e5 hxg4 19. fxg4 Qc8 20. exd6 exd6 21.
Rxd6 Bxg4 22. Qe5+ Kg8 23. Rhd2 Kh7 24. Rf2 Bf5 25. h5 Kg8 26. hxg6 Bxg6 27.
Rxg6+ fxg6 28. Qd5+ Kg7 29. Qf7+ Kh6 30. Rh2+ Kg5 31. Ne4+ Kg4 32. Rg2+ Kh4 33.
Qf4+ 1-0

[Event "European Blitz 2022"]
[Site "Katowice POL"]
[Date "2022.12.16"]
[Round "14.32"]
[White "Brilej, Jaka"]
[Black "Manik, Mikulas"]
[Result "1-0"]
[WhiteTitle "FM"]
[BlackTitle "GM"]
[WhiteElo "2336"]
[BlackElo "2359"]
[WhiteFideId "14618818"]
[BlackFideId "14900734"]
[EventDate "2022.12.16"]

1. d4 Nf6 2. c4 d6 3. Nc3 e5 4. e3 Nbd7 5. Nf3 g6 6. g3 Bg7 7. Bg2 O-O 8. O-O c6
9. b3 Re8 10. Ba3 Qa5 11. Qc1 e4 12. Nd2 d5 13. cxd5 cxd5 14. b4 Qb6 15. Na4 Qe6
16. Nc5 Qf5 17. f3 exf3 18. Nxf3 Qh5 19. Nxd7 Bxd7 20. Ne5 Bb5 21. Rf4 Rac8 22.
Qd2 Ne4 23. Bxe4 dxe4 24. Nxf7 Bd3 25. Rc1 Rxc1+ 26. Qxc1 Rf8 27. b5 Ra8 28. Ne5
Bxe5 29. dxe5 Qh3 30. Qc7 Rc8 31. Qf7+ Kh8 32. e6 1-0